000 00732nam a22002057a 4500
999 _c18189
_d18189
003 AR-CdUCM
008 190513b ||||| |||| 00| 0 spa d
040 _aMUNICIPALIDAD PROVINCIAL DEL CUSCO
_cBIBLIOTECA MUNICIPAL DEL CUSCO
082 _a331.09 /
_bD73
100 _aDolleans, Edouard
_938642
245 _aHistoria del movimiento obrero II 1871-1920 /
260 _aBuenos Aires :
_bUniversitaria,
_c1957.
300 _a340 pƔginas ;
_c23 cm.
505 _aVicisitudes y anticipaciones -- Los tiempo heroicos del sindicalismo -- El impulso detenido por la guerra -- Guerra o paz
650 _aSindicalismo.
_95257
650 _aLucha obrera.
_938643
650 _aRevolución.
_9844
942 _2ddc
_cLIBROS
945 _awfj